| 000 | 00415cam a2200169ua 4500 | ||
|---|---|---|---|
| 020 | _c2.50 | ||
| 041 |
_amal _h |
||
| 082 |
_a894.81209 _bPAV/NA |
||
| 100 | _aPavanan, . | ||
| 245 |
_aNalu Russian sahithyakaranmar / _cPavanan. _hTextual Documents |
||
| 260 |
_aEranakulam : _bPrabhath Book House , _c1967. |
||
| 300 | _a141 ; . | ||
| 365 | _a2.50 | ||
| 504 | _a | ||
| 942 | _cBK | ||
| 999 |
_c12023 _d12023 |
||